000 00705nam a2200289Ia 4500
005 20260324130603.0
008 008 260324s9999 xx 000 0 eng d
020 _a9781315365398
037 _aEBOOK
040 _aCRL
040 _beng
040 _cCRL
041 _2eng
041 _aeng
084 _qCRL
100 _aMichael Fine; James Peters
_91182340
245 4 _aThe Nature of Health
245 0 _bHow America Lost, and Can Regain, a Basic Human Value
260 _bTaylor and Francis
260 _c2007
365 _a
365 _b370
856 _uhttp://www.taylorfrancis.com/books/9781315365398
942 _cEBOOK
999 _c1778641
_d1778641